2014 expodata-disk.
| Format: | Book |
|---|---|
| Published: |
Frankfurt am Main:
Verlag fur Messen,
2014.
|
| Subjects: |
| LEADER | 00405cam a2200133 7i4500 | ||
|---|---|---|---|
| 001 | 0000031031 | ||
| 005 | 20140303090000.0 | ||
| 090 | 0 | 0 | |a CD 381.1 |b EXP |
| 245 | 0 | 0 | |a 2014 expodata-disk. |
| 260 | 0 | 0 | |a Frankfurt am Main: |b Verlag fur Messen, |c 2014. |
| 300 | # | # | |a Electronic computer optical disc (CD-ROM). |
| 650 | 0 | 0 | |a Exhibitions |
| 650 | 0 | 0 | |a Trade fairs |
| 999 | |a CDR001252B |b CD-ROM |c AV Collection |e Business Information Centre | ||